| 000 | 00920nas a2200253 4500 | ||
|---|---|---|---|
| 001 | BR9211728 | ||
| 003 | BR-BrBNA | ||
| 005 | 20231205093520.0 | ||
| 007 | ta | ||
| 008 | 230509b bl.|||p| |||| 00| 00por d | ||
| 040 |
_aBR-BrBNA _bpor _cBiblioteca Nacional de Agricultura |
||
| 041 | _a(Pt) | ||
| 072 | _aT01 | ||
| 100 | 1 | _aMontone, R.C. | |
| 100 | 1 | _aWeber, R.R. | |
| 245 | 1 | _aAvaliacao de adsorventes solidos para determinacao de pesticidas organoclorados e bifenilos policlorados na atmosfera marinha | |
| 246 | 1 | _a[Evaluation on solid adsorbents for determination of chlorimated pesticidesand polychlorimated biphenyls in the marine atmosphere] | |
| 650 | _aPESTICIDA | ||
| 650 | _aPOLUICAO DO AR | ||
| 650 | _aADSORCAO | ||
| 773 | 0 |
_tBoletim do Instituto Oceanografico (Brazil) _xISSN 0373-5524 _g(1991), v. 39(1) p. 87-91 _wBR9211728 |
|
| 909 |
_a202311 _bLúcia _c55 _dLúcia Elande |
||
| 942 |
_2AGRIS _n0 _cANA |
||
| 999 |
_c138925 _d138925 |
||